| 000 | 00635cam a2200169 4500 | ||
|---|---|---|---|
| 001 | ABS60870 | ||
| 008 | 000000n1999 000 0 eng u | ||
| 035 | _a(Sirsi) u101381 | ||
| 100 | _aSeidl, A. | ||
| 245 | _aRenaissance men. | ||
| 260 | _c1999 | ||
| 490 |
_aEstates Gazette _v(9926) 3 July 1999, 64-65 |
||
| 520 | _aExamines the main points of the Urban Task Force report, "Towards an urban renaissance" as they relate to the property industry. Focuses on the Task Force's recommendations on planning, design, contaminated land and financial incentives. | ||
| 650 | _aURBAN TASK FORCE | ||
| 690 | _aURBAN RENEWAL | ||
| 942 | _n0 | ||
| 999 |
_c60525 _d60525 |
||